000 02675nam a22003497a 4500
003 OSt
005 20260512081118.0
008 260512b |||||||| |||| 00| 0 aze d
020 _a9789952445039
040 _aAZ-XaKU
_baze
_cAZ-XaKU
041 0 _aaze
050 1 4 _aG155.7 .M566 2012
245 1 _aTurizm bələdçiləri tərəfindən Bakı və Abşeron yarımadası haqqında məlumatın verilməsi üzrə vahid metodika
_c/ baş redaktor Vilayət İsmayılov ; baş redaktorun müavini Adilxan Bayramov ; elmi redaktor Rasim Nəbioğlu ; redaktorlar Şəhla Tahirqızı, Əbülfəz Babazadə
264 _aBakı:
_b"Təknur",
_c2012.
300 _a328 səhifə;
_bşəkil,
_c21.5 sm.
336 _atext
_btxt
_2rdacontent
337 _aunmediated
_bn
_2rdamedia
338 _avolume
_bnc
_2rdacarrier
500 _aMetodiki təlimat Azərbaycan Respublikası Mədəniyyət və Turizm Nazirliyinin sifarişi ilə Turizm şöbəsi və Mədəniyyətşünaslıq üzrə Elmi-Metodiki Mərkəzin birgə təşkilatçılığı ilə tərtib edilmişdir.
505 0 _aGiriş -- Muzeylər -- Teatrlar -- Abşeron İqtisadi-Coğrafi Rayonu -- Xızı Rayonu -- Abşeron Rayonu -- Kino -- Kitabxanalar -- Musiqi, İncəsənət və Rəssamlıq Məktəbləri -- Abidələr -- Hamamlar -- Meydanlar -- Saraylar Hansı Kriteriyalar Üzrə Seçim Olunub? -- Parklar -- Fəxri Xiyaban -- Bakı və Abşeron Abidələri -- Məscidlər -- Kilsələr -- Türbələr -- Karvansaralar -- Qalalar -- Bayramlar -- Stadionlar -- Olimpiya İdman Mərkəzləri -- Ticarət Mərkəzləri -- “City Tour” Marşrutu Üzrə Bələdçilər Üçün Çıxış Mətni.
520 0 _aMetodiki təlimat Azərbaycan tarixi, mədəniyyəti və incəsənətinin ayrı-ayrı sahələri, eləcə də Bakı və Abşeron yarımadasının tarixi-mədəni abidələri, zəngin mədəni irsi haqqında ümumi və dəqiq məlumatları əks etdirir.
521 _aBakı və Abşeron yarımadası üzrə turistləri maraqlandıracaq məlumatların da daxil olduğu bu Təlimatdan turizm bələdçiləri, muzey işçiləri və xarici turistləri müşayiət edən turizm şirkətlərinin nümayəndələrinin, həmçinin turizm üzrə təhsil alan tələbələrin istifadə etməsi üçün nəzərdə tutulmuşdur.
650 7 _aTurizm
_2AZ-XaKU
655 _2Az-XaKU
_aMetodiki təlimat
700 1 _aİsmayılov, Vilayət,
_ebaş redaktor.
700 1 _aBayramov, Adilxan,
_ebaş redaktorun müavini.
700 1 _aNəbioğlu, Rasim,
_eelmi redaktor.
700 1 _aTahirqızı, Şəhla,
_eredaktor.
700 1 _aBabazadə, Əbülfəz,
_eredaktor.
942 _cBOOK
999 _c414
_d414